00757nam a2200205 a 450000100100000000500170001000800410002702000150006804000250008308200180010810000230012624501380014926000370028730000360032449000230036050000550038350400740043870000160051283000230052800002532920200930023718.0110214s2006 sz a r 000 0 eng d a9291620327 aDO-SdBNPbspacBNPHU axxxxxxbM991u1 aMusungu, Sisule F.14aThe use of flexibilities in trips by developing countries :bcan they promote access to medicines? /cSisule F. Musungu , Cecilia Oh. aGénova :bSouth Centre,c2006. axxxiii, 181 p. :bil. ;c21 cm.1 aSouth perspectives aIncluye referencias bibliográficas p. [177-181]. aIncluye referencias bibliográficas y notas al pie de las páginas.1 aOh, Cecilia 0aSouth perspectives